000 00352 a2200157 4500
001 161156
020 _a
040 _cMagnum
100 _a-
240 1 0 _aA cigarra e a formiga/contos de sempre/ftd
_lpor
245 1 0 _aA cigarra e a formiga/contos de sempre/ftd
362 0 _a1899
440 1 _aFTD
697 _aI/FADAS, FANTASIA
942 _cBK
999 _c161156
_d161156